| 000 | 00562nam a22001817a 4500 | ||
|---|---|---|---|
| 005 | 20210419092654.0 | ||
| 008 | 201121s1954 ||||| |||| 00| 0 eng d | ||
| 040 |
_aeng _ceng |
||
| 080 |
_a821.111 _bS-87 |
||
| 100 |
_9253 _aStout, Rex |
||
| 245 |
_aThe Black Mountain _b: A Nero Wolfe Novel. _c/ By Rex Stout. |
||
| 260 |
_aNew York : _bThe Viking Press, _c1954. |
||
| 300 | _a192 p. | ||
| 490 | _aA Nero Wolfe Novel | ||
| 650 | 0 |
_9254 _aEnglish literature |
|
| 653 |
_aინგლისური ლიტერატურა _aპროზა |
||
| 942 |
_2udc _cBK |
||
| 999 |
_c362 _d362 |
||